Fundamentals of accounting and auditing for CS foundation / (Record no. 96198)

MARC details
000 -LEADER
fixed length control field 00693nam a22002057a 4500
005 - DATE AND TIME OF LATEST TRANSACTION
control field 20160328120756.0
010 ## - LCCN (DPL NO)
LC control number 1516EN07 ENG-114883
020 ## - INTERNATIONAL STANDARD BOOK NUMBER
International Standard Book Number 9789332507876
Terms of availability 350.00
035 ## - SYSTEM CONTROL NUMBER
System control number EN-98415
037 ## - SOURCE OF ACQUISITION
Stock number DPL
Source of stock number/acquisition Techniz/Ven
037 ## - SOURCE OF ACQUISITION
Source of stock number/acquisition DBAD/PUB
100 ## - MAIN ENTRY--PERSONAL NAME
Personal name Sheth, Tejpal
245 ## - TITLE STATEMENT
Title Fundamentals of accounting and auditing for CS foundation /
Statement of responsibility, etc by Tejpal Sheth [and] Jigisha Thakkar
260 ## - PUBLICATION, DISTRIBUTION, ETC. (IMPRINT)
Place of publication, distribution, etc New Delhi
Name of publisher, distributor, etc Pearson Education
Date of publication, distribution, etc 2014
270 ## - ADDRESS
Address 11 Community Center, Panchsheel Park
City New Delhi
Postal code 110017
300 ## - PHYSICAL DESCRIPTION
Extent xi,476p.
Dimensions 24cm(pbk)
700 ## - ADDED ENTRY--PERSONAL NAME
Personal name Thakkar, Jigisha
942 ## - ADDED ENTRY ELEMENTS (KOHA)
Source of classification or shelving scheme Dewey Decimal Classification
Item type English Books
Call number suffix SHE
Classification part 657
Holdings
Withdrawn status Lost status Not for loan Collection code Home library Current library Date acquired Source of acquisition Cost, normal purchase price Full call number Barcode Copy number Cost, replacement price Koha item type
      Non-fiction Bawana Bawana 11/02/2016 DBAD/PUB 350.00 657 SHE EN-98415 1 350.00 English Books

© Delhi Public Library
Hit Counter
free hit counter